000
00297nam a22001337a 4500
008
180921b xxu||||| |||| 00| 0 eng d
020
_a
9781412987752
041
_a
eng
080
_2
4 ED
_a
370
100
_a
47
101
_a
EDU
245
_a
Religion In Schools
_c
Russo.CH
942
_2
udc
_c
BK
999
_c
48169
_d
48169